Trivia from CW's The 100 2 Quiz Stats

 Plays Quiz not verified by Sporcle

Challenge
Share
Tweet
Embed
Score 0/20 Timer 10:00
0 Plays Today
Question Answer % Correct
Who actually kills Finn?Clarke
98.4%
After Mount Weather, the grounders call Clarke Wanheda, which means the Commander of ____?Death
97.4%
How many clans – including the sky people – are there in Lexa’s coalition?13
96.1%
Who was mistakenly hung for Wells’ murder?Murphy
92.8%
What colour warpaint do Ice Nation warriors wear on their faces?White
92.1%
What is the meaning of the grounder phrase jus drein jus daun? Blood must have blood
90.3%
What does Jasper wear on his head for the majority of the first season?Goggles
86.9%
Made for her by Finn, what hangs from the necklace Raven wears in season 1?Raven
85.2%
What colour signal fire must be created to contact Luna’s clan, the boat people, from the shore? Green
84.4%
In season 4, how many names are there on Clarke’s list of those who will live out the radiation inside Arkadia? 100
84.3%
Question Answer % Correct
What clan do Indra and Lincoln belong to? Trikru
81.6%
Which Ark station are Bryan, Pike and Monty from?Farm Station
81.4%
What is the name of the grounder who was in the cage next to Bellamy’s when he was imprisoned in Mount Weather? Echo
81.4%
What is the name of the AI who created the City of Light? A.L.I.E.
81.1%
After the missile hits TonDC, who does Abby find buried in the wreckage? Marcus Kane
80.8%
What anatomical feature marks someone as able to become the Commander? Night Blood
78.2%
What was Clarke's father's name?Jake Griffin
74.9%
What phrase does Bellamy repeatedly use when referring to his relationship to Octavia? My sister, my responsibility
69.3%
Bellamy names Octavia after the sister of Augustus, who was emperor of which ancient city? Rome
67.5%
After remaining on the Ark, how does Jaha eventually make it to the ground? In a missile
40.9%

You're not logged in!

Compare scores with friends on all Sporcle quizzes.
OR
Log In

You Might Also Like...

Show Comments

Extras

Top Quizzes Today


Score Distribution

Your Account Isn't Verified!

In order to create a playlist on Sporcle, you need to verify the email address you used during registration. Go to your Sporcle Settings to finish the process.

Report this User

Report this user for behavior that violates our Community Guidelines.

Details: